000 00781nam a22002177a 4500
003 UA-OsUOA
001 68737
007 ta
008 20100514b un ||||| |||| 00| 0 ukr d
100 _aПентилюк М.
090 _a81
_bП25
942 _cSA
040 _aUA-OsUOA
_bukr
_cUA-OsUOA
_dUA-OsUOA
245 _aКомпетентнісний підхід до формування мовної особистості в євроінтеграційному контексті
300 _aС.2-6
955 _a0
041 _aukr
080 _a81
773 0 _w68736
_tУкраїнська мова і література в школі
_dК.
_d2010
_g2
650 7 _a8 Мовознавство. Художня література. Літературознавство
_2UDC
999 _c354995
_d354995